000 00852nam a2200217Ii 4500
003 JO-AjNU
008 230605s9999||||xx |||||||||||||| ||und||
017 _a 2004/8/2015
040 _aJO-AjNU
_bara
_erda
_cJO-AjNU
041 _aara
050 1 4 _aGV406.4 2005
100 3 _aتاليف العزاوي، اياد عبد الكريم، م.مشارك ابراهيم، مروان عبد المجيد,
_eauthor
_921642
245 0 0 _aعلم النفس الرياضي: الابعاد النفسية للاداء الرياضي
250 _aط1
264 3 1 _a عمان: مؤسسة الوراق للنشر والتوزيع، 2005
300 _a231ص
336 _atext
_btxt
_2rdacontent
337 _aunmediated
_bn
_2rdamedia
338 _avolume
_bnc
_2rdacarrier
650 4 _aعلم النفس الرياضي - الالعاب الرياضية
_921643
999 _aA7552
_c11120
_d11120